01302nam a22002537a 4500003000400000005001700004008004100021040002200062082001800084100003300102245005700135260005100192300001900243490002500262505001400287505033200301505004900633505008800682505010400770650004100874650004400915650004500959650004401004OSt20230706131027.0221006b |||||||| |||| 00| 0 eng d cBiblioteca Lado V a701.18bN473r aNettel, Guadalupeedirectora aRevista de la Universidad de México/bEl Pacifico/ c2019bUniversidad Autónoma de MexicoaMexico c18x26cma172p. v2019x0185 1330a849 aEditorial aDossiertMare Pacificum Los tatuajes polinesios El ojo El Estilo Hawaiano La gran Mancha de Basura del Pacifico Oceano-Mundo Escribir Historias Insulares en el pacifico mexicano Varua rapa nui clipperton isla Mexicana Islas Islas Japonesas El surgimiento del mar Una descolonizacion inconclusa El pacifico chino  aArtetMiradas del pacifico de Moises Barrios aPanopticotEl oficio Palco Alambique Agora Personajes secundarios Otros Mundos aCriticatSin Justificar Esta Noche el Gran Terremoto Tema Libre Apocalypse Now Nuestros Autores 02Tesauro de Arte & ArquitecturaaARTE 02Tesauro de Arte & ArquitecturaaPINTURA 2Tesauro de Arte & ArquitecturaaANALISIS 2Tesauro de Arte & ArquitecturaaCRITICA